LDR 00987naa#a2200169#i#450# 001 RU\\bibl\116691 005 20260429161517.3 011 ## _a1994-4683 100 ## _a20260429b2026####ek#y0rusy0150####ca 102 ## _aRU 200 1# _aСоциально-педагогический потенциал компетенции «Адаптивная физическая культура» чемпионата Абилимпикс _eЖурнальная статья 210 1# _aМосква _cНациональный государственный Университет физической культуры, спорта и здоровья им. П.Ф. Лесгафта _d2026 215 ## _a5 с. 608 ## _aЖурнальная статья _2local 675 ## _aРоль физкультуры и спорта в воспитании и общем развитии личности. 796.011.1 _z 700 #1 _aКиэлевяйнен _gЛариса Михайловна 856 4# _auchzapiski.lesgaft.spb.ru _u